<?xml version="1.0" encoding="UTF-8"?>
<marc:record xmlns:marc="http://www.loc.gov/MARC21/slim">
   <marc:leader>00000nam a2200000 a 4500</marc:leader>
   <marc:datafield ind1=" " ind2=" " tag="653">
      <marc:subfield code="a">Weihnachtswünsche</marc:subfield>
   </marc:datafield>
   <marc:datafield ind1=" " ind2=" " tag="653">
      <marc:subfield code="a">Wunschgeschenk</marc:subfield>
   </marc:datafield>
   <marc:datafield ind1=" " ind2=" " tag="653">
      <marc:subfield code="a">Geil</marc:subfield>
   </marc:datafield>
   <marc:datafield ind1=" " ind2=" " tag="653">
      <marc:subfield code="a">Engel</marc:subfield>
   </marc:datafield>
   <marc:datafield ind1=" " ind2=" " tag="653">
      <marc:subfield code="a">Weihnachtsstern</marc:subfield>
   </marc:datafield>
   <marc:datafield ind1=" " ind2=" " tag="653">
      <marc:subfield code="a">Weihnachtsgeschichte</marc:subfield>
   </marc:datafield>
   <marc:datafield ind1=" " ind2=" " tag="653">
      <marc:subfield code="a">Kinder</marc:subfield>
   </marc:datafield>
   <marc:datafield ind1=" " ind2=" " tag="653">
      <marc:subfield code="a">Weihnachtsmann</marc:subfield>
   </marc:datafield>
   <marc:datafield ind1=" " ind2=" " tag="653">
      <marc:subfield code="a">Puppenkaufhaus</marc:subfield>
   </marc:datafield>
   <marc:datafield ind1=" " ind2=" " tag="653">
      <marc:subfield code="a">Brief</marc:subfield>
   </marc:datafield>
   <marc:datafield ind1=" " ind2=" " tag="653">
      <marc:subfield code="a">Sohn</marc:subfield>
   </marc:datafield>
   <marc:datafield ind1=" " ind2=" " tag="653">
      <marc:subfield code="a">Könige</marc:subfield>
   </marc:datafield>
   <marc:datafield ind1=" " ind2=" " tag="653">
      <marc:subfield code="a">Totenleben</marc:subfield>
   </marc:datafield>
   <marc:datafield ind1=" " ind2=" " tag="653">
      <marc:subfield code="a">Geschichte</marc:subfield>
   </marc:datafield>
   <marc:datafield ind1=" " ind2=" " tag="653">
      <marc:subfield code="a">wünschen</marc:subfield>
   </marc:datafield>
   <marc:datafield ind1=" " ind2=" " tag="653">
      <marc:subfield code="a">Weihnachtsgespräch</marc:subfield>
   </marc:datafield>
   <marc:datafield ind1=" " ind2=" " tag="653">
      <marc:subfield code="a">Besen</marc:subfield>
   </marc:datafield>
   <marc:datafield ind1=" " ind2=" " tag="653">
      <marc:subfield code="a">Liebe</marc:subfield>
   </marc:datafield>
   <marc:datafield ind1=" " ind2=" " tag="653">
      <marc:subfield code="a">Gott</marc:subfield>
   </marc:datafield>
   <marc:datafield ind1=" " ind2=" " tag="653">
      <marc:subfield code="a">Weihnachtsgeschenk</marc:subfield>
   </marc:datafield>
   <marc:datafield ind1=" " ind2=" " tag="653">
      <marc:subfield code="a">Supermarkt</marc:subfield>
   </marc:datafield>
   <marc:datafield ind1=" " ind2=" " tag="653">
      <marc:subfield code="a">Stern</marc:subfield>
   </marc:datafield>
   <marc:datafield ind1=" " ind2=" " tag="653">
      <marc:subfield code="a">Himmel</marc:subfield>
   </marc:datafield>
   <marc:datafield ind1=" " ind2=" " tag="653">
      <marc:subfield code="a">Engelchen</marc:subfield>
   </marc:datafield>
   <marc:datafield ind1=" " ind2=" " tag="653">
      <marc:subfield code="a">Geburt</marc:subfield>
   </marc:datafield>
   <marc:datafield ind1=" " ind2=" " tag="653">
      <marc:subfield code="a">Macht</marc:subfield>
   </marc:datafield>
   <marc:datafield ind1=" " ind2=" " tag="653">
      <marc:subfield code="a">Licht</marc:subfield>
   </marc:datafield>
   <marc:datafield ind1=" " ind2=" " tag="653">
      <marc:subfield code="a">Weihnachten</marc:subfield>
   </marc:datafield>
   <marc:datafield ind1=" " ind2=" " tag="653">
      <marc:subfield code="a">Tannenbaum</marc:subfield>
   </marc:datafield>
   <marc:datafield ind1=" " ind2=" " tag="653">
      <marc:subfield code="a">Kind</marc:subfield>
   </marc:datafield>
   <marc:datafield ind1=" " ind2=" " tag="653">
      <marc:subfield code="a">Kummer</marc:subfield>
   </marc:datafield>
   <marc:datafield ind1="0" ind2="0" tag="245">
      <marc:subfield code="a">Weihnachtswünsche, Wunschgeschenke</marc:subfield>
   </marc:datafield>
   <marc:datafield ind1="0" ind2="0" tag="245">
      <marc:subfield code="b">Weihnachtsgeschichten</marc:subfield>
   </marc:datafield>
   <marc:datafield ind1=" " ind2="1" tag="264">
      <marc:subfield code="b">Random House Audio</marc:subfield>
   </marc:datafield>
   <marc:datafield ind1="1" ind2=" " tag="520">
      <marc:subfield code="a">Weihnachten ist das Fest der Sehnsüchte,  Hoffnungen und Geschenke. 21 Autoren aus  unterschiedlichen Ländern und Epochen - von  Storm, Tolstoi und Cronin bis zu Eco, Calvino  und Rafik Schami - haben Geschichten  geschrieben über erfüllte und unerfüllte  Wünsche, über kleine und große Geschenke und  die Stimmungen, die mit Weihnachten verbunden  sind. &#xD;
&#xD;
Isaac B. Singer, Zlateh die Geiß&#xD;
&#xD;
Charles Tazewell, Der kleinste Engel und&#xD;
                  der Weihnachtsstern&#xD;
&#xD;
Alexander Jablonowsky, Filka&#xD;
&#xD;
Heinrich Albertz, Eine andere &#xD;
                  Weihnachtsgeschichte&#xD;
&#xD;
Italo Calvino, Die Kinder des Weihnachtsmanns&#xD;
&#xD;
Hermann Bang, Das Puppenkaufhaus&#xD;
&#xD;
Umberto Eco, Brief an meinen 3-jährigen Sohn&#xD;
&#xD;
Alexander Lernet-Holenia, Die Heiligen 3                         Könige von Totenleben&#xD;
&#xD;
Isaac B. Singer, Eine Geschichte von drei&#xD;
                 Wünschen&#xD;
&#xD;
Dylan Thomas, Weihnachtsgespräch&#xD;
&#xD;
Luise Rinser, Schaufel und Besen&#xD;
&#xD;
Leo Tolstoi, Wo Liebe ist, da ist Gott&#xD;
&#xD;
Colette, Weihnachtsgeschenke&#xD;
&#xD;
Italo Calvino, Marcovaldo im Supermarkt&#xD;
&#xD;
Pearl S. Buck, Ein Stern am Himmel&#xD;
&#xD;
Leonid Andrejew, Das Engelchen&#xD;
&#xD;
Rafik Schami, Die Geburt&#xD;
&#xD;
Isaac B. Singer, Die Macht des Lichts&#xD;
&#xD;
Werner Wollenberger, Janine feiert &#xD;
                     Weihnachten&#xD;
&#xD;
Theodor Storm, Unterm Tannenbaum&#xD;
&#xD;
Janina David, Wer glaubt noch an den&#xD;
              Weihnachtsmann?&#xD;
&#xD;
Teresa Bloomingdale, Liber Weinachtsmann&#xD;
&#xD;
A.J. Cronin, Weihnachtsgeschichte&#xD;
&#xD;
Erich Kästner, Ein Kind hat Kummer</marc:subfield>
   </marc:datafield>
   <marc:datafield ind1=" " ind2=" " tag="020">
      <marc:subfield code="a">9783828901926</marc:subfield>
      <marc:subfield code="9">9783828901926</marc:subfield>
   </marc:datafield>
   <marc:datafield ind1=" " ind2=" " tag="020">
      <marc:subfield code="a">3828901921</marc:subfield>
      <marc:subfield code="9">3828901921</marc:subfield>
   </marc:datafield>
   <marc:datafield ind1=" " ind2=" " tag="041">
      <marc:subfield code="a">ger</marc:subfield>
   </marc:datafield>
   <marc:datafield ind1=" " ind2=" " tag="338">
      <marc:subfield code="a">Band</marc:subfield>
   </marc:datafield>
</marc:record>
